Statistics for Medical Conditions Quiz

Click here to take the quiz!

General Stats

  • This quiz has been taken 62,267 times
  • The average score is 15 of 20

Answer Stats

Description Condition % Correct
Inability to regulate blood sugar and insulinDiabetes
98%
Disease caused by HIVAIDS
94%
Having a Body Mass Index (BMI) above 30Obesity
85%
Tropical, mosquito-borne disease that affects an estimated 200 million people per yearMalaria
83%
Mood disorder defined by periods of very high energy, alternating with depressionBipolar Disorder
83%
Most common form of dementia{Alzheimer}'s
82%
Chronic joint pain and inflammationArthritis
81%
Learning disability which impairs reading abilityDyslexia
80%
Neurological disorder which causes seizuresEpilepsy
77%
Severe headache associated with nausea and sensitivity to lightMigraine
75%
Blood or bone marrow cancer that causes an increase in white blood cellsLeukemia
74%
Yellowed skin, potentially caused by liver diseaseJaundice
70%
Disease of kings, caused by high uric acid, which can result in big toe painGout
66%
Less severe version of autism{Asperger}'s
66%
Infection of the outer eye, and inner eyelidPink Eye
63%
Inflammation of the gumsGingivitis
62%
Curvature of the spineScoliosis
62%
Tick-borne disease that causes a circular rash, fever, and other symptomsLyme Disease
60%
Disease, eradicated in 1979, which caused blisters, scarring and often deathSmallpox
59%
Lethal disease which causes fear of water, delirium and brain swellingRabies
43%

Score Distribution

Percentile by Number Answered

Percent of People with Each Score

Your Score History

You have not taken this quiz